| 000 | 00739cam a2200253 4500 | ||
|---|---|---|---|
| 001 | ABS64248 | ||
| 008 | 010808n2001 000 0 eng u | ||
| 035 | _a(Sirsi) u114027 | ||
| 245 | _aLondon boroughs north | ||
| 260 | _c2001 | ||
| 490 |
_aProperty Week _v66(30) 27 July 2001, 65-74(6) |
||
| 590 | _aABS | ||
| 650 | _aLONDON | ||
| 650 | _aWEMBLEY ARENA | ||
| 650 | _aWEMBLEY | ||
| 650 | _aCAMDEN | ||
| 650 | _aRENTS | ||
| 650 | _aINDUSTRIAL MARKET | ||
| 650 | _aPROPERTY-COMMERCIAL PROPERTY-RETAIL PROPERTY-RETAIL PROPERTY MARKET | ||
| 650 | _aROMFORD | ||
| 650 | _aPROPERTY-COMMERCIAL PROPERTY-OFFICE PROPERTY-OFFICE PROPERTY MARKET | ||
| 690 | _aPROPERTY-COMMERCIAL PROPERTY-COMMERCIAL PROPERTY MARKET | ||
| 942 | _n0 | ||
| 999 |
_c67962 _d67962 |
||